[Event "Moscow Aeroflot op-A"]
[Site "Moscow"]
[Date "2024.03.07"]
[Round "9"]
[White "Ahmad, Khagan"]
[Black "Kolesnikov, Evgeny"]
[Result "1-0"]
[WhiteElo "2323"]
[BlackElo "2362"]
[PlyCount "55"]
[EventDate "2024.03.03"]
[EventType "swiss"]
[EventRounds "9"]
[EventCountry "RUS"]
[SourceTitle "CB11_2024"]
[SourceDate "2024.03.13"]
[SourceVersion "1"]
[SourceVersionDate "2024.03.13"]
[SourceQuality "1"]

1. Nf3 Nf6 2. c4 c5 3. Nc3 b6 4. g3 Bb7 5. Bg2 e6 6. 0-0 Be7 7. Re1 d5 8. cxd5 Nxd5 9. e4 Nb4 10. d4 cxd4 11. Nxd4 0-0 12. a3 N4c6 13. e5 Qc8 14. Ndb5 Rd8 15. Qg4 Nd7 16. Bh6 g6 17. Nd6 Bxd6 18. exd6 Nce5 19. Qd4 f6 20. Ne4 Bxe4 21. Qxe4 Qc5 22. Red1 Rac8 23. Rac1 Qb5 24. Rc7 Qxb2 25. f4 f5 26. Qe3 Ng4 27. Qxe6+ Kh8 28. Qxd7 1-0

[Event "Moscow Aeroflot op-A"]
[Site "Moscow"]
[Date "2024.03.06"]
[Round "7"]
[White "Ivanov, Oleg V"]
[Black "Ahmad, Khagan"]
[Result "1-0"]
[WhiteElo "2423"]
[BlackElo "2323"]
[PlyCount "89"]
[EventDate "2024.03.03"]
[EventType "swiss"]
[EventRounds "9"]
[EventCountry "RUS"]
[SourceTitle "CB11_2024"]
[SourceDate "2024.03.13"]
[SourceVersion "1"]
[SourceVersionDate "2024.03.13"]
[SourceQuality "1"]

1. e4 c5 2. Nf3 d6 3. d4 cxd4 4. Nxd4 Nf6 5. Nc3 a6 6. Be2 e5 7. Nb3 Be7 8. 0-0 0-0 9. Qd3 Be6 10. Rd1 Nbd7 11. a4 Rc8 12. Nd5 Bxd5 13. exd5 Nb6 14. Bf3 Qc7 15. a5 Nc4 16. Be2 Nd7 17. c3 Bd8 18. Ra4 b5 19. axb6 Ndxb6 20. Rxa6 Qb7 21. Ra1 f5 22. Qc2 Ra8 23. Rxa8 Qxa8 24. Nd2 Nxd2 25. Bxd2 Kh8 26. Bc1 Qa7 27. Bb5 Qf7 28. c4 Nd7 29. b4 f4 30. c5 f3 31. g3 Nf6 32. Bf1 Qh5 33. h3 e4 34. Qc4 Bc7 35. Be3 Qg6 36. c6 h5 37. b5 Rb8 38. Rb1 Rb6 39. Ra1 Qf5 40. Ra7 Nxd5 41. Rxc7 Nxe3 42. fxe3 f2+ 43. Kh2 h4 44. Qf7 hxg3+ 45. Kg2 1-0

[Event "Moscow Aeroflot op-A"]
[Site "Moscow"]
[Date "2024.03.05"]
[Round "5"]
[White "Grachev, Alexey1"]
[Black "Ahmad, Khagan"]
[Result "1-0"]
[WhiteElo "2402"]
[BlackElo "2323"]
[PlyCount "81"]
[EventDate "2024.03.03"]
[EventType "swiss"]
[EventRounds "9"]
[EventCountry "RUS"]
[SourceTitle "CB11_2024"]
[SourceDate "2024.03.13"]
[SourceVersion "1"]
[SourceVersionDate "2024.03.13"]
[SourceQuality "1"]

1. e4 c5 2. Nf3 d6 3. d4 cxd4 4. Qxd4 Nc6 5. Bb5 Bd7 6. Qd3 Nf6 7. c4 g6 8. 0-0 Bg7 9. Nc3 0-0 10. h3 Rc8 11. Be3 a6 12. Bxc6 Bxc6 13. Nd4 Nd7 14. Rac1 Nc5 15. Qb1 Bxd4 16. Bxd4 b5 17. cxb5 axb5 18. b4 Nd7 19. Qd3 Ne5 20. Qe2 Nc4 21. a4 e5 22. Nxb5 Bxb5 23. axb5 exd4 24. Rxc4 Qb6 25. Rd1 Qxb5 26. Rdxd4 Ra8 27. Rd5 Ra1+ 28. Kh2 Qa6 29. b5 Qa5 30. Rc6 Qb4 31. Rcxd6 Re1 32. Qf3 Rxe4 33. g3 Re6 34. Rc6 Qb2 35. Kg2 Qb1 36. h4 Re1 37. Kh2 Qb2 38. h5 Qa2 39. Rf6 Re2 40. Rg5 Ree8 41. hxg6 1-0

[Event "Titled Tuesday intern op 06th Feb Late"]
[Site "Chess.com INT"]
[Date "2024.02.06"]
[Round "6"]
[White "Ahmad, Khagan"]
[Black "Mizzi, Jack"]
[Result "1-0"]
[WhiteElo "2317"]
[BlackElo "2043"]
[PlyCount "33"]
[EventDate "2024.02.06"]
[EventType "swiss (blitz)"]
[EventRounds "11"]
[EventCountry "USA"]
[SourceTitle "CB07_2024"]
[SourceDate "2024.02.14"]
[SourceVersion "1"]
[SourceVersionDate "2024.02.14"]
[SourceQuality "1"]

1. Nf3 Nf6 2. c4 c5 3. Nc3 Nc6 4. g3 g6 5. Bg2 Bg7 6. 0-0 0-0 7. d4 cxd4 8. Nxd4 e5 9. Ndb5 a6 10. Nd6 Qc7 11. b3 Rd8 12. Bb2 Nd4 13. Nxc8 Raxc8 14. e3 Ne6 15. Rc1 Qc5 16. Nd5 Qd6 17. Nxf6+ 1-0

[Event "Titled Tuesday intern op 06th Feb Early"]
[Site "Chess.com INT"]
[Date "2024.02.06"]
[Round "2"]
[White "Ahmad, Khagan"]
[Black "Tabatabaei, Mohammad Amin"]
[Result "1-0"]
[WhiteElo "2317"]
[BlackElo "2696"]
[PlyCount "115"]
[EventDate "2024.02.06"]
[EventType "swiss (blitz)"]
[EventRounds "11"]
[EventCountry "USA"]
[SourceTitle "CB07_2024"]
[SourceDate "2024.02.14"]
[SourceVersion "1"]
[SourceVersionDate "2024.02.14"]
[SourceQuality "1"]

1. Nf3 Nf6 2. c4 b6 3. g3 Bb7 4. Bg2 g6 5. 0-0 Bg7 6. Nc3 0-0 7. Re1 c5 8. e4 d6 9. d4 cxd4 10. Nxd4 Qc8 11. b3 Nc6 12. Nxc6 Bxc6 13. Bb2 Qb7 14. Nd5 Bxd5 15. exd5 Rfe8 16. a4 a6 17. Qd3 Rab8 18. Bd4 Nd7 19. Bxg7 Kxg7 20. Qd4+ Kg8 21. Re3 b5 22. axb5 axb5 23. Ra7 Qb6 24. Qxb6 Nxb6 25. cxb5 Nc8 26. Rc7 Rxb5 27. Bh3 Nb6 28. Rb7 Rb4 29. Bd7 Rd8 30. Bc6 Kg7 31. Rexe7 Rf8 32. Re3 Ra8 33. Kg2 Rd8 34. Rf3 Rf8 35. Rf4 Rxf4 36. gxf4 Nc8 37. b4 Kf6 38. b5 Ne7 39. Rd7 Rb8 40. Rxd6+ Kf5 41. Rd7 Kf6 42. d6 Nf5 43. Bd5 g5 44. Rxf7+ Kg6 45. Rb7 Rxb7 46. Bxb7 Nxd6 47. Bc6 Nc4 48. fxg5 Kxg5 49. Kf3 Kf5 50. Be4+ Ke5 51. Bxh7 Nd6 52. Bd3 Kd4 53. Ke2 Nb7 54. h4 Nc5 55. b6 Kd5 56. h5 Kc6 57. h6 Ne6 58. h7 1-0

[Event "Titled Tuesday intern op 06th Feb Early"]
[Site "Chess.com INT"]
[Date "2024.02.06"]
[Round "1"]
[White "Goganova, Yana"]
[Black "Ahmad, Khagan"]
[Result "0-1"]
[WhiteElo "1966"]
[BlackElo "2317"]
[PlyCount "74"]
[EventDate "2024.02.06"]
[EventType "swiss (blitz)"]
[EventRounds "11"]
[EventCountry "USA"]
[SourceTitle "CB07_2024"]
[SourceDate "2024.02.14"]
[SourceVersion "1"]
[SourceVersionDate "2024.02.14"]
[SourceQuality "1"]

1. e4 c5 2. d4 cxd4 3. c3 dxc3 4. Nxc3 Nc6 5. Nf3 e6 6. Bc4 Bb4 7. 0-0 Nf6 8. Bg5 h6 9. Bh4 g5 10. Bg3 Bxc3 11. bxc3 Nxe4 12. Qd3 d5 13. Be5 0-0 14. Bb5 Nxe5 15. Nxe5 Qc7 16. Ng4 Qxc3 17. Qe2 Qd2 18. Qf3 Qf4 19. Qh3 Nf6 20. f3 h5 21. Nxf6+ Qxf6 22. Qxh5 a6 23. Bd3 Qd4+ 24. Kh1 Qxd3 25. f4 Qg6 26. Qg4 f5 27. Qg3 g4 28. Rae1 Bd7 29. Qh4 Rf7 30. h3 Rh7 31. Qg3 Kf7 32. Kg1 gxh3 33. Qxg6+ Kxg6 34. g3 h2+ 35. Kh1 d4 36. g4 Bc6+ 37. Rf3 Bxf3# 0-1

[Event "Titled Tuesday intern op 06th Feb Late"]
[Site "Chess.com INT"]
[Date "2024.02.06"]
[Round "1"]
[White "Modric, Nesa"]
[Black "Ahmad, Khagan"]
[Result "1-0"]
[WhiteElo "2128"]
[BlackElo "2317"]
[PlyCount "115"]
[EventDate "2024.02.06"]
[EventType "swiss (blitz)"]
[EventRounds "11"]
[EventCountry "USA"]
[SourceTitle "CB07_2024"]
[SourceDate "2024.02.14"]
[SourceVersion "1"]
[SourceVersionDate "2024.02.14"]
[SourceQuality "1"]

1. e4 c5 2. c3 Nf6 3. e5 Nd5 4. Nf3 Nc6 5. d4 cxd4 6. Bc4 Nb6 7. Bb3 d6 8. exd6 Qxd6 9. 0-0 Be6 10. Na3 Bxb3 11. Qxb3 Qd5 12. Nb5 Qxb3 13. axb3 Rc8 14. Nbxd4 Nxd4 15. Nxd4 a6 16. b4 e6 17. b5 axb5 18. Nxb5 Bc5 19. Bf4 0-0 20. Rfd1 Nd5 21. Bg3 Ra8 22. Bd6 Bxd6 23. Nxd6 h6 24. Nxb7 Rfb8 25. Rxa8 Rxa8 26. c4 Nf4 27. Rd8+ Rxd8 28. Nxd8 Nd3 29. b3 Kf8 30. Nb7 Ke7 31. Kf1 Kd7 32. Na5 Kd6 33. Ke2 Nf4+ 34. Kf3 g5 35. g3 Nd3 36. Ke3 Ne5 37. h3 Kc5 38. Ke4 Nd7 39. Nb7+ Kb4 40. c5 Kb5 41. Nd6+ Kxc5 42. Nxf7 Kb4 43. Nxh6 Kxb3 44. Nf7 Kc3 45. Nxg5 Kd2 46. Nxe6 Ke2 47. f4 Kf2 48. g4 Kg3 49. Ng5 Kh4 50. Ne6 Kxh3 51. g5 Kg4 52. g6 Kh5 53. f5 Kh6 54. Kd5 Nf6+ 55. Ke5 Ng4+ 56. Kd6 Nf6 57. Ke7 Nd5+ 58. Kf7 1-0

[Event "Titled Tuesday intern op 06th Feb Late"]
[Site "Chess.com INT"]
[Date "2024.02.06"]
[Round "7"]
[White "Sahakyan, Aleks"]
[Black "Ahmad, Khagan"]
[Result "1-0"]
[WhiteElo "2318"]
[BlackElo "2317"]
[PlyCount "87"]
[EventDate "2024.02.06"]
[EventType "swiss (blitz)"]
[EventRounds "11"]
[EventCountry "USA"]
[SourceTitle "CB07_2024"]
[SourceDate "2024.02.14"]
[SourceVersion "1"]
[SourceVersionDate "2024.02.14"]
[SourceQuality "1"]

1. e4 c5 2. Nc3 e6 3. Nf3 Nc6 4. Bb5 Nge7 5. 0-0 a6 6. Bxc6 Nxc6 7. d4 cxd4 8. Nxd4 Qc7 9. Re1 Bd6 10. Nxc6 dxc6 11. Qh5 0-0 12. e5 Be7 13. Ne4 g6 14. Qf3 Qxe5 15. Bh6 Re8 16. Rad1 Qf5 17. Qxf5 gxf5 18. Nd6 Rd8 19. Nxf5 Bf6 20. Rxd8+ Bxd8 21. Rd1 Bf6 22. Ng7 e5 23. h3 Bg4 24. hxg4 Bxg7 25. Be3 e4 26. c3 b5 27. Rd7 a5 28. Rc7 b4 29. Rxc6 bxc3 30. bxc3 Rb8 31. c4 Be5 32. g3 Rb1+ 33. Kg2 Rb2 34. Bh6 f6 35. Be3 Rxa2 36. c5 Rc2 37. Ra6 Bc3 38. c6 Be5 39. g5 Kf7 40. gxf6 Kxf6 41. c7+ Kf5 42. Rxa5 Rxc7 43. Rxe5+ Kxe5 44. Bf4+ 1-0

[Event "Titled Tuesday intern op 06th Feb Late"]
[Site "Chess.com INT"]
[Date "2024.02.06"]
[Round "4"]
[White "Sarana, Alexey"]
[Black "Ahmad, Khagan"]
[Result "0-1"]
[WhiteElo "2697"]
[BlackElo "2317"]
[PlyCount "86"]
[EventDate "2024.02.06"]
[EventType "swiss (blitz)"]
[EventRounds "11"]
[EventCountry "USA"]
[SourceTitle "CB07_2024"]
[SourceDate "2024.02.14"]
[SourceVersion "1"]
[SourceVersionDate "2024.02.14"]
[SourceQuality "1"]

1. d4 Nf6 2. c4 e6 3. Nc3 Bb4 4. e3 0-0 5. Bd3 c5 6. Nf3 d5 7. 0-0 cxd4 8. exd4 dxc4 9. Bxc4 b6 10. Qe2 Bb7 11. Rd1 Nc6 12. d5 exd5 13. Nxd5 Nxd5 14. Bxd5 Qf6 15. Bg5 Qg6 16. Qc4 Bc5 17. b4 Bxb4 18. Be4 Na5 19. Qxb4 Bxe4 20. Ne5 Qxg5 21. Qxe4 Rae8 22. f4 Qe7 23. Rac1 f6 24. Qd5+ Qe6 25. Nf3 Qxd5 26. Rxd5 Rf7 27. Kf2 Rfe7 28. Rc2 Nb7 29. Nd4 Nc5 30. Nf5 Re4 31. Nd6 Rd8 32. Kf3 Re6 33. Rcd2 Rd7 34. Nf5 Rxd5 35. Rxd5 Re8 36. h4 g6 37. Nd4 Rc8 38. Nb5 a6 39. Nd4 Kf7 40. Rd6 b5 41. Nc6 Rc7 42. Nb4 a5 43. Nc6 Nb7 0-1

[Event "Titled Tuesday intern op 16th Jan Early"]
[Site "Chess.com INT"]
[Date "2024.01.16"]
[Round "2"]
[White "Iturrizaga Bonelli, Eduardo"]
[Black "Ahmad, Khagan"]
[Result "1-0"]
[WhiteElo "2600"]
[BlackElo "2318"]
[PlyCount "61"]
[EventDate "2024.01.16"]
[EventType "swiss (blitz)"]
[EventRounds "11"]
[EventCountry "USA"]
[SourceTitle "CB04_2024"]
[SourceDate "2023.10.16"]
[SourceVersion "1"]
[SourceVersionDate "2023.10.16"]
[SourceQuality "1"]

1. c4 e6 2. Nf3 d5 3. e3 Nf6 4. b3 c6 5. Bb2 Bd6 6. d4 Nbd7 7. Bd3 a6 8. 0-0 b5 9. Nbd2 Bb7 10. e4 bxc4 11. bxc4 dxe4 12. Nxe4 Nxe4 13. Bxe4 Nf6 14. Bc2 0-0 15. Rb1 Rb8 16. Re1 c5 17. d5 exd5 18. cxd5 Nxd5 19. Qd3 g6 20. Rbd1 Qb6 21. Bb3 Rbd8 22. Ng5 Qc7 23. Qh3 h5 24. Ne4 Be7 25. Rc1 f5 26. Qc3 Kf7 27. Qg7+ Ke8 28. Qxg6+ Kd7 29. Nxc5+ Qxc5 30. Qe6+ Kc7 31. Be5+ 1-0

[Event "Baku Jafarov Memorial"]
[Site "Baku"]
[Date "2024.01.06"]
[Round "4"]
[White "Ahmad, Khagan"]
[Black "Faizrakhmanov, Ramil"]
[Result "0-1"]
[WhiteElo "2318"]
[BlackElo "2458"]
[PlyCount "118"]
[EventDate "2024.01.04"]
[EventType "tourn"]
[EventRounds "9"]
[EventCountry "AZE"]
[EventCategory "6"]
[SourceTitle "CB02_2024"]
[SourceDate "2024.01.10"]
[SourceVersion "1"]
[SourceVersionDate "2024.01.10"]
[SourceQuality "1"]

1. Nf3 d5 2. d4 Nf6 3. c4 e6 4. g3 Bb4+ 5. Bd2 Be7 6. Bg2 0-0 7. 0-0 c6 8. Qc2 Nbd7 9. Bf4 b6 10. Nbd2 Ba6 11. Rfc1 c5 12. Ne5 Nxe5 13. Bxe5 Nd7 14. cxd5 Nxe5 15. d6 Qxd6 16. dxe5 Qxe5 17. Bxa8 Rxa8 18. Nc4 Bxc4 19. Qxc4 Qxb2 20. Rab1 Qd4 21. Qb5 h5 22. Rd1 Qe4 23. Rd7 Bf6 24. Rbd1 h4 25. Rc7 Qc2 26. Qd7 Rf8 27. Qd2 Qa4 28. Kg2 Rd8 29. Qxd8+ Bxd8 30. Rxd8+ Kh7 31. Rxf7 Qxa2 32. Rdd7 Qb2 33. Rxa7 hxg3 34. hxg3 b5 35. Rac7 c4 36. Rc5 c3 37. Rfc7 b4 38. Rc4 Kg6 39. Rc8 Qb1 40. f3 Kf6 41. Kf2 g5 42. Rf8+ Ke7 43. Rfc8 Qb3 44. R8c7+ Kf6 45. Rc8 Qa4 46. Kg2 g4 47. Rf4+ Ke7 48. Rc7+ Kd6 49. Rxc3 Qb5 50. Rc2 b3 51. Rd4+ Ke7 52. Rb2 Qe5 53. Rdd2 Qe3 54. fxg4 Qc3 55. Kf2 Kf6 56. e3 Kg5 57. Ke2 Kxg4 58. Rb1 e5 59. e4 Qf3+ 0-1

[Event "Baku Jafarov Memorial"]
[Site "Baku"]
[Date "2024.01.06"]
[Round "5"]
[White "Efremov, Vladislav"]
[Black "Ahmad, Khagan"]
[Result "0-1"]
[WhiteElo "2296"]
[BlackElo "2318"]
[PlyCount "106"]
[EventDate "2024.01.04"]
[EventType "tourn"]
[EventRounds "9"]
[EventCountry "AZE"]
[EventCategory "6"]
[SourceTitle "CB02_2024"]
[SourceDate "2024.01.10"]
[SourceVersion "1"]
[SourceVersionDate "2024.01.10"]
[SourceQuality "1"]

1. d4 Nf6 2. c4 e6 3. Nf3 d5 4. Nc3 Bb4 5. Qa4+ Nc6 6. e3 0-0 7. Bd2 Re8 8. a3 Bf8 9. b4 e5 10. cxd5 Nxd4 11. Bc4 Bd7 12. Qd1 Bf5 13. 0-0 Bc2 14. Qe1 Nxf3+ 15. gxf3 e4 16. fxe4 Nxe4 17. f3 Qg5+ 18. Kh1 Nxc3 19. Bxc3 Qxe3 20. Qxe3 Rxe3 21. Bd4 Ree8 22. Ra2 Bf5 23. b5 g6 24. a4 Bg7 25. Bf2 Be5 26. Re1 Bd6 27. Rc1 f6 28. Kg2 Kg7 29. a5 g5 30. Re2 b6 31. Ra2 h5 32. Bd4 g4 33. fxg4 Be4+ 34. Kg1 hxg4 35. Rf1 Bf3 36. Bd3 Be5 37. Bxe5 Rxe5 38. Rc1 Rxd5 39. Rxc7+ Kh6 40. Bf1 bxa5 41. Rxa5 Rd1 42. Kf2 Rad8 43. Ra2 Kg6 44. h3 Bd5 45. Raxa7 g3+ 46. Ke2 Be6 47. Rg7+ Kf5 48. Ra4 Rc1 49. Rgg4 Bd5 50. Rgf4+ Ke5 51. Kd2 Ra1 52. Bd3 g2 53. Rf5+ Ke6 0-1

[Event "Sant Boi de Llobregat op 4th"]
[Site "Sant Boi de Llobregat"]
[Date "2023.12.02"]
[Round "3"]
[White "Ahmad, Khagan"]
[Black "Heimann, Mark A"]
[Result "1-0"]
[WhiteElo "2285"]
[BlackElo "2453"]
[PlyCount "207"]
[EventDate "2023.11.30"]
[EventType "swiss"]
[EventRounds "9"]
[EventCountry "ESP"]
[SourceTitle "CB50_2023"]
[SourceDate "2023.12.13"]
[SourceVersion "1"]
[SourceVersionDate "2023.12.13"]
[SourceQuality "1"]

1. Nf3 d5 2. d4 Nf6 3. c4 e6 4. g3 Bb4+ 5. Bd2 Be7 6. Bg2 0-0 7. Qc2 Nbd7 8. 0-0 c6 9. Bf4 a5 10. b3 b5 11. cxb5 cxb5 12. Bc7 Qe8 13. Qc6 Ra7 14. Rc1 b4 15. Nbd2 Bb7 16. Qc2 Qa8 17. e3 Ba6 18. Qd1 h6 19. h4 Bd3 20. Ne5 Nxe5 21. Bxe5 Ne4 22. Nxe4 Bxe4 23. Qg4 g6 24. Bxe4 dxe4 25. Qf4 Kh7 26. Bf6 Bxf6 27. Qxf6 a4 28. bxa4 Qd8 29. Qf4 Qa8 30. Rab1 Rxa4 31. Rc7 Kg7 32. h5 Qd5 33. hxg6 Kxg6 34. Rc5 Qxa2 35. Qg4+ Kh7 36. Qxe4+ f5 37. Qb7+ Kg6 38. Rxb4 Rxb4 39. Qxb4 Qa1+ 40. Kg2 Qa8+ 41. d5 exd5 42. Ra5 Qd8 43. Qc5 h5 44. Qxd5 Qxd5+ 45. Rxd5 Ra8 46. Rd6+ Kg7 47. Rd2 Kg6 48. Kh3 Ra4 49. Rd6+ Kg7 50. Kg2 Ra2 51. Re6 Rb2 52. e4 fxe4 53. Rxe4 Kg6 54. Rf4 Kg5 55. Rf8 Kg6 56. Kh3 Kg7 57. Rf4 Kg6 58. Kg2 Kg5 59. Rd4 Ra2 60. Rd5+ Kg6 61. Rd8 Kg5 62. Rg8+ Kh6 63. Rd8 Kg5 64. Kf3 Kf5 65. Rd5+ Kg6 66. Ke3 Rb2 67. f3 Rb4 68. Rd4 Rb6 69. Rd2 Rb4 70. Kf2 Kf5 71. Kg2 Rb1 72. Rd5+ Kg6 73. Rd6+ Kg7 74. Re6 Ra1 75. f4 Rb1 76. Kf3 Rb3+ 77. Re3 Rb4 78. Re4 Rb3+ 79. Kg2 Rb1 80. Ra4 Kg6 81. Ra6+ Kg7 82. Re6 Ra1 83. Kf3 Rf1+ 84. Ke2 Ra1 85. Kf2 Rb1 86. Rc6 Ra1 87. Kg2 Rb1 88. Rc2 Kg6 89. Re2 Ra1 90. Kf3 Ra3+ 91. Re3 Ra4 92. Re6+ Kg7 93. Re1 Ra3+ 94. Kg2 Kf6 95. Kh3 Ra2 96. Re5 Kg6 97. Re6+ Kg7 98. Rc6 Ra1 99. Kh4 Rh1+ 100. Kg5 Rg1 101. Rg6+ Kf7 102. Kxh5 Rh1+ 103. Kg5 Rg1 104. Kf5 1-0

[Event "Titled Tuesday intern op 14th Nov Early"]
[Site "Chess.com INT"]
[Date "2023.11.14"]
[Round "11"]
[White "Ahmad, Khagan"]
[Black "Klukin, Kirill"]
[Result "0-1"]
[WhiteElo "2285"]
[BlackElo "2390"]
[PlyCount "134"]
[EventDate "2023.11.14"]
[EventType "swiss (blitz)"]
[EventRounds "11"]
[EventCountry "USA"]
[SourceTitle "CB47_2023"]
[SourceDate "2023.11.22"]
[SourceVersion "1"]
[SourceVersionDate "2023.11.22"]
[SourceQuality "1"]

1. Nf3 c5 2. c4 Nc6 3. Nc3 g6 4. g3 Bg7 5. Bg2 a6 6. 0-0 Rb8 7. e3 e5 8. d4 d6 9. dxc5 dxc5 10. Qxd8+ Nxd8 11. Ng5 Nf6 12. Nge4 Nxe4 13. Nxe4 Ne6 14. b3 Ke7 15. Ba3 b6 16. Nc3 Rd8 17. Rad1 f5 18. Bb2 e4 19. Nd5+ Kf7 20. Bxg7 Kxg7 21. Rd2 Bb7 22. Rfd1 Bxd5 23. cxd5 Nc7 24. d6 Ne6 25. Bf1 b5 26. Rd5 Rb6 27. g4 Kf6 28. gxf5 gxf5 29. Bh3 Ng7 30. d7 Rc6 31. f4 exf3 32. Kf2 c4 33. bxc4 bxc4 34. Kxf3 c3 35. Rd6+ Rxd6 36. Rxd6+ Ke7 37. Rxa6 Rxd7 38. Rc6 Rd2 39. Rxc3 Rxh2 40. Bg2 Rh4 41. a3 Kf6 42. Bf1 Ra4 43. Rc6+ Kg5 44. Ra6 Rh4 45. a4 Nh5 46. a5 Nf6 47. Ra7 Ra4 48. a6 Ra3 49. Rg7+ Kh6 50. Rf7 Kg6 51. Bc4 Ng4 52. Kf4 Nxe3 53. Be6 Rxa6 54. Re7 Ra3 55. Bd7 Ng2+ 56. Ke5 Re3+ 57. Kd6 Rxe7 58. Kxe7 Kg5 59. Bc6 Ne3 60. Ke6 Kf4 61. Kf6 h5 62. Kg6 h4 63. Kh5 Kg3 64. Kg5 f4 65. Bh1 h3 66. Kf6 f3 67. Ke5 f2 0-1

[Event "Titled Tuesday intern op 14th Nov Early"]
[Site "Chess.com INT"]
[Date "2023.11.14"]
[Round "2"]
[White "Steinberg, Nitzan"]
[Black "Ahmad, Khagan"]
[Result "1-0"]
[WhiteElo "2551"]
[BlackElo "2285"]
[PlyCount "99"]
[EventDate "2023.11.14"]
[EventType "swiss (blitz)"]
[EventRounds "11"]
[EventCountry "USA"]
[SourceTitle "CB47_2023"]
[SourceDate "2023.11.22"]
[SourceVersion "1"]
[SourceVersionDate "2023.11.22"]
[SourceQuality "1"]

1. d4 Nf6 2. Nf3 d5 3. Bf4 c5 4. e3 Nc6 5. Nbd2 Nh5 6. Be5 f6 7. Bg3 Bg4 8. Be2 e6 9. c3 Be7 10. dxc5 Bxc5 11. Nd4 Bxe2 12. Qxe2 Nxg3 13. hxg3 Qd7 14. N2b3 Bd6 15. Rd1 Nxd4 16. Nxd4 f5 17. g4 Be5 18. gxf5 exf5 19. Qf3 g6 20. Nc2 0-0-0 21. Nb4 Qa4 22. 0-0 a5 23. Rxd5 axb4 24. Rxe5 bxc3 25. Rc1 Kb8 26. Re7 Rd7 27. Rxd7 Qxd7 28. Rxc3 Rc8 29. Qf4+ Ka7 30. Qd4+ Qxd4 31. exd4 Re8 32. Kf1 Kb6 33. a4 Ka5 34. Rc4 Rd8 35. f3 b5 36. axb5 Kxb5 37. b3 Ra8 38. Rc7 h5 39. Rg7 Ra6 40. Kf2 Kb4 41. Ke3 Kxb3 42. Kf4 Kc4 43. Rd7 Ra2 44. g3 Rf2 45. d5 Kc5 46. d6 Kc6 47. Rd8 Rd2 48. Ke5 Rd5+ 49. Ke6 Rd1 50. Rc8+ 1-0

[Event "Titled Tuesday intern op 26th Sep Early"]
[Site "Chess.com INT"]
[Date "2023.09.26"]
[Round "7"]
[White "Ahmad, Khagan"]
[Black "Bersamina, Paulo"]
[Result "1-0"]
[WhiteElo "2306"]
[BlackElo "2434"]
[PlyCount "43"]
[EventDate "2023.09.26"]
[EventType "swiss (blitz)"]
[EventRounds "11"]
[EventCountry "USA"]
[SourceTitle "EXT 2024"]
[Source "ChessBase"]
[SourceDate "2023.10.10"]
[SourceVersion "1"]
[SourceVersionDate "2023.10.10"]
[SourceQuality "1"]

1. Nf3 d5 2. d4 Nf6 3. c4 g6 4. cxd5 Bg7 5. a3 0-0 6. e3 Nxd5 7. e4 Nb6 8. Nc3 f5 9. exf5 Bxf5 10. Be3 N8d7 11. Bd3 Bxd3 12. Qxd3 Rxf3 13. gxf3 Ne5 14. Qe4 Nec4 15. Qe6+ Kh8 16. 0-0-0 c6 17. h4 Nd5 18. h5 Qb6 19. Na4 Qb3 20. hxg6 Nf6 21. Rxh7+ Nxh7 22. Rh1 1-0

[Event "Titled Tuesday intern op 26th Sep Early"]
[Site "Chess.com INT"]
[Date "2023.09.26"]
[Round "6"]
[White "Rakitin, Daniil"]
[Black "Ahmad, Khagan"]
[Result "0-1"]
[WhiteElo "2206"]
[BlackElo "2306"]
[PlyCount "98"]
[EventDate "2023.09.26"]
[EventType "swiss (blitz)"]
[EventRounds "11"]
[EventCountry "USA"]
[SourceTitle "EXT 2024"]
[Source "ChessBase"]
[SourceDate "2023.10.10"]
[SourceVersion "1"]
[SourceVersionDate "2023.10.10"]
[SourceQuality "1"]

1. e4 c5 2. Nf3 d6 3. d4 cxd4 4. Nxd4 Nf6 5. Nc3 a6 6. Be2 e5 7. Nb3 Be7 8. g4 h6 9. h4 Be6 10. Rg1 Nh7 11. h5 Nc6 12. Be3 Nf6 13. g5 hxg5 14. Bxg5 Rc8 15. Qd2 Nxh5 16. Bxe7 Qxe7 17. 0-0-0 g6 18. Qxd6 Qxd6 19. Rxd6 Nf4 20. Bd1 Ke7 21. Rd2 Bxb3 22. axb3 Nd4 23. Rg5 Kf6 24. Rg4 g5 25. Kb1 Rh1 26. Ka2 Rc5 27. b4 Rc4 28. Nd5+ Nxd5 29. exd5 Rxb4 30. c3 Nb3 31. Bxb3 Rxg4 32. d6 Rh8 33. Bd1 Rf4 34. f3 Rd8 35. c4 b6 36. b4 Rxc4 37. Bb3 Rc6 38. d7 Ke7 39. Re2 f6 40. Rh2 Rxd7 41. Rh7+ Kd6 42. Rh6 Kc7 43. Rh8 b5 44. Ra8 Rd2+ 45. Kb1 Rc3 46. Be6 Rxf3 47. Kc1 Rh2 48. Rc8+ Kd6 49. Rd8+ Kxe6 0-1

[Event "Titled Tuesday intern op 19th Sep Early"]
[Site "Chess.com INT"]
[Date "2023.09.19"]
[Round "7"]
[White "Ahmad, Khagan"]
[Black "Corrales Jimenez, Fidel"]
[Result "0-1"]
[WhiteElo "2306"]
[BlackElo "2533"]
[PlyCount "90"]
[EventDate "2023.09.19"]
[EventType "swiss (blitz)"]
[EventRounds "11"]
[EventCountry "USA"]
[SourceTitle "EXT 2024"]
[Source "ChessBase"]
[SourceDate "2023.10.10"]
[SourceVersion "1"]
[SourceVersionDate "2023.10.10"]
[SourceQuality "1"]

1. c4 Nf6 2. Nf3 g6 3. Nc3 d5 4. cxd5 Nxd5 5. h4 Nxc3 6. bxc3 h6 7. d4 Bg7 8. e4 c5 9. Bb5+ Nc6 10. 0-0 cxd4 11. cxd4 0-0 12. Be3 Bg4 13. Bxc6 bxc6 14. Rc1 Rc8 15. Qd2 Bxf3 16. gxf3 Kh7 17. Rc5 e5 18. dxe5 Qxh4 19. Qd7 Rb8 20. e6 Qh3 21. Rd1 Qxf3 22. e7 Rfe8 23. Rcc1 Qxe4 24. Bc5 h5 25. Re1 Qg4+ 26. Qxg4 hxg4 27. Rcd1 f5 28. a4 Bf6 29. Rd7 a5 30. Re6 Bg5 31. Rdd6 Rb1+ 32. Kg2 f4 33. Rxg6 f3+ 34. Kg3 Rg1+ 35. Kh2 Rg2+ 36. Kh1 Bf4 37. Rd8 Rxe7 38. Bxe7 Kxg6 39. Bc5 Rh2+ 40. Kg1 Rh3 41. Rg8+ Kf5 42. Rf8+ Ke4 43. Re8+ Kd5 44. Bb6 Bh2+ 45. Kf1 Bc7 0-1

[Event "Titled Tuesday intern op 19th Sep Early"]
[Site "Chess.com INT"]
[Date "2023.09.19"]
[Round "3"]
[White "Ahmad, Khagan"]
[Black "Gueci, Tea"]
[Result "1-0"]
[WhiteElo "2306"]
[BlackElo "2192"]
[PlyCount "105"]
[EventDate "2023.09.19"]
[EventType "swiss (blitz)"]
[EventRounds "11"]
[EventCountry "USA"]
[SourceTitle "EXT 2024"]
[Source "ChessBase"]
[SourceDate "2023.10.10"]
[SourceVersion "1"]
[SourceVersionDate "2023.10.10"]
[SourceQuality "1"]

1. d4 Nf6 2. Nf3 e6 3. c4 c5 4. g3 d5 5. cxd5 exd5 6. Bg2 Nc6 7. 0-0 c4 8. Nc3 Be7 9. Bg5 0-0 10. Ne5 Be6 11. f4 Ng4 12. Bxe7 Nxe7 13. Nxg4 Bxg4 14. Qd2 Rb8 15. a4 b6 16. h3 Be6 17. g4 f5 18. g5 Qd7 19. Rf3 Bf7 20. h4 Nc6 21. e3 a6 22. Rh3 g6 23. h5 gxh5 24. Ne2 Rbd8 25. Ng3 Qe8 26. Bf3 Bg6 27. Nxh5 Bxh5 28. Bxh5 Qe6 29. Kf2 Ne7 30. Rah1 Nc8 31. Bf3 Rd7 32. g6 hxg6 33. Rh8+ Kf7 34. Rxf8+ Kxf8 35. Rh8+ Kg7 36. Rxc8 Re7 37. Rd8 Rd7 38. Rxd7+ Qxd7 39. Qb4 Qd8 40. a5 bxa5 41. Qb7+ Kh6 42. Bxd5 Qh4+ 43. Ke2 Qh2+ 44. Bg2 Qg1 45. Qf3 Qc1 46. Qh3+ Kg7 47. d5 Qxb2+ 48. Kf3 c3 49. Qh4 Qb7 50. Qe1 c2 51. Qd2 Qb1 52. Qc3+ Kh6 53. Qh8# 1-0